| 000 | 00724nam a2200253Ia 4500 | ||
|---|---|---|---|
| 003 | OSt | ||
| 005 | 20220927111740.0 | ||
| 006 | a|||||r|||| 00| 0 | ||
| 007 | ta | ||
| 008 | 220926b |||||||| |||| 00| 0 eng d | ||
| 024 | _a103744 | ||
| 037 | _cReports | ||
| 040 |
_aRTL _cRTL _beng |
||
| 041 |
_2eng _aeng |
||
| 082 | _a"z.236.N97<--N92t5, N2/GD" | ||
| 110 |
_aGujarat Planning Commission _9382614 |
||
| 245 | 0 | _aEight five year plan 1992-97 | |
| 260 |
_aGandhi _bNagar Govt Press India _c1992 |
||
| 300 |
_a615p. _ccm. |
||
| 650 | _aGeneralia | ||
| 700 |
_aGujarat Planning Commission _9382615 |
||
| 942 |
_h"z.236.N97<--N92t5, N2/GD" _cCC |
||
| 999 |
_c699465 _d699465 |
||